Lectura existencialista de "La Celestina" / (Record no. 76971)
[ view plain ]
| 000 -LEADER | |
|---|---|
| campo de control de longitud fija | 00828nam a2200241 i 4500 |
| 001 - NÚMERO DE CONTROL | |
| campo de control | 76971 |
| 003 - IDENTIFICADOR DE NÚMERO DE CONTROL | |
| campo de control | ES-MaACL |
| 005 - FECHA Y HORA DE LA ÚLTIMA TRANSACCIÓN | |
| campo de control | 20250511130023.0 |
| 007 - CAMPO FIJO DE DESCRIPCIÓN FÍSICA--INFORMACIÓN GENERAL | |
| campo de control de longitud fija | t| |
| 008 - DATOS DE LONGITUD FIJA--INFORMACIÓN GENERAL | |
| campo de control de longitud fija | 041006s1977 sp ||||1| spa d |
| 020 ## - NÚMERO INTERNACIONAL ESTÁNDAR DEL LIBRO | |
| Número Internacional Estándar del Libro | 84-249-0715-9 |
| 080 ## - NÚMERO DE LA CLASIFICACIÓN DECIMAL UNIVERSAL | |
| Número de la Clasificación Decimal Universal | 821.134.2 Rojas, Fernando de 7 Celestina. 07 |
| 100 1# - ENTRADA PRINCIPAL--NOMBRE DE PERSONA | |
| Nombre de persona | Gurza, Esperanza. |
| 9 (RLIN) | 61010 |
| 245 10 - MENCIÓN DEL TÍTULO | |
| Título | Lectura existencialista de "La Celestina" / |
| Mención de responsabilidad, etc. | Esperanza Gurza. |
| 260 ## - PUBLICACIÓN, DISTRIBUCIÓN, ETC. | |
| Lugar de publicación, distribución, etc. | Madrid : |
| Nombre del editor, distribuidor, etc. | Gredos, |
| Fecha de publicación, distribución, etc. | [1977] |
| 300 ## - DESCRIPCIÓN FÍSICA | |
| Extensión | 351 p. ; |
| Dimensiones | 20 cm. |
| 490 1# - MENCIÓN DE SERIE | |
| Mención de serie | Biblioteca románica hispánica II. Estudios y ensayos ; |
| Designación de volumen o secuencia | 257 |
| 504 ## - NOTA DE BIBLIOGRAFÍA, ETC. | |
| Nota de bibliografía, etc. | Bibliografía: p. 329-341. |
| 600 14 - PUNTO DE ACCESO ADICIONAL DE MATERIA--NOMBRE DE PERSONA | |
| Nombre de persona | Rojas, Fernando de, |
| Fechas asociadas al nombre | ca. 1470-1541. |
| Título de la obra | La Celestina |
| 9 (RLIN) | 99043 |
| 830 1# - PUNTO DE ACCESO ADICIONAL DE SERIE-TÍTULO UNIFORME | |
| Título uniforme | Biblioteca románica hispánica II. Estudios y ensayos ; |
| Designación de volumen o secuencia | 257 |
| 9 (RLIN) | 178108 |
| 852 ## - LOCALIZACIÓN | |
| Ubicación | ES-MaACL |
| Número de control de estantería | A-6780 |
| Estatus retirado | Estado de pérdida | Estado de daño | No para préstamo | Biblioteca de origen | Biblioteca actual | Ubicación en estantería | Fecha de adquisición | Fuente de adquisición | Total de préstamos | Signatura topográfica completa | Código de barras | Visto por última vez | Precio de reemplazo | Tipo de ítem Koha |
|---|---|---|---|---|---|---|---|---|---|---|---|---|---|---|
| Biblioteca del Ateneo de Madrid | Biblioteca del Ateneo de Madrid | Sala Pecera Planta 1 | 17/01/2008 | A-6780 | 1080540 | 23/02/2023 | 23/02/2023 | Libro impreso |
